LDR 00849naa#a2200181#i#450# 001 EN\FGKOU VO SPBU MVD ROSSII\bibl\125009 005 20260704001834.6 011 ## _a2227-7226 100 ## _a20260630b2026####ek#y0engy0150####ca 102 ## _aRU 200 1# _aThe phenomenon of procedural compromise culture in criminal proceedings: meaning and limits of acceptability _eJournal article 210 1# _aSt. Petersburg _cSAINT-PETERSBURG UNIVERSITY OF THE MINISTRY OF INTERNAL AFFAIRS OF THE RUSSIAN FEDERATION _d2026 215 ## _a6 с. 608 ## _aJournal article _2local 675 ## _aОсновные принципы уголовного судопроизводства. Гласность следствия. Содействие защитника. Использование родного языка.. 343.131 _z 700 #1 _a _g 700 #1 _a _g 856 4# _avestnikkf.ru _u